01380nam a2200241Ia 450000500170000000800370001704100080005408200140006211000290007624501880010525000180029330000450031149000280035652004660038465000360085065000400088665000540092626400350098033600270101533700330104233800280107504000350110320220317001855.0170410s2014 c g 000 0 s aspa04a520bD37d2 aDiscovery Communications10aDentro del universobviaje a través del tiempo con Stephen Hawking, parte 2 = Into de universebtime travel with Stephen Hawking part 2cDiscovery Communicationshvideodisco digital a1a. edición a1 DVD (45 minutos)bsonido, colorc12 cm aDiscovery en la escuela aMe llamo Stephen Hawking, físico, cosmólogo y en cierta forma soñador y a pesar que no puedo hablar sino a través de un computador, en mi mente soy libre, para explorar el universo y para plantearme grandes interrogantes como ¿si es posible viajar en el tiempo?, ¿podemos abrir un portal hacía el pasado?, ¿o encontrar un atajo hacia el futuro?, ¿podemos utilizar las leyes de la naturaleza para manejar el tiempo a nuestro antojo? íDESCUBRANLO!142LEMBaAstronomíavVideodiscos142LEMBaEspacio y tiempovVideodiscos142LEMBaAgujeros negros (astronomía)vVideodiscos aBogotábMS Tv & Videosc2014 atextobtxt2rdacontent asin mediaciónbn2rdamedia avolumenbnc2rdacarrier aCO-BoRNBPbspaerdacCO-BoRNBP